00927ngm a2200277 4500003000400000005001700004007000500021008004100026010003800067024002100105035002000126035002000146040001300166082001500179245009600194260003900290300006300329440003200392538010300424650001900527700002000546700001900566700002100585700002200606700002100628dpl20181219160839.0DVD ||||||sp199 xxu|||||c ||| 00| 0 ng d  aDVD-001385-1387 & DVD-004832-4837 c99.00aYRD 60216 aDVD-001385-1387 aDVD-004832-4837 aDPLcDPL aDVD / LAAG aLaaga Chunri Mein Daag :cYash Raj Film Presentsh[videorecording] DVD/bJourney of a Women bYash Raj Films Home Entertainment a1 videodisc DVD; (140 min.) ;bsd., col. ;c4 3/4 in.fDVD aYash Raj Home Entertainment aDolby Digital 5.1 - Hindi Subtitles: English, Tamil, Malayalam, Arabic, Spanish, Dutch, Portuguese aMotion Picture aSarkar, Pradeep aChopra, Aditya aMoitra, Shantanu aBhachan, Abhishek aMukherjkee, Rani